| 000 | 00491nam a22001817a 4500 | ||
|---|---|---|---|
| 003 | MPLRDC | ||
| 005 | 20220104173129.0 | ||
| 008 | 210129b ||||| |||| 00| 0 eng d | ||
| 020 | _a0-443-02145-7 | ||
| 082 | _a419.3 CHE | ||
| 100 | _aMONICA CHEESBROUGH, JOHN MCARTHUR | ||
| 245 |
_aA LABORATORY MANUAL FOR RURAL TROPICAL HOSPITALS _c |
||
| 250 | _a初版 | ||
| 260 |
_a _bTHE ENGLISH LANGUAGE BOOK SOCIETY _c1976 |
||
| 300 | _b平 | ||
| 650 | _a医疗机构 | ||
| 942 |
_cBK _o419.3 CHE |
||
| 999 |
_c59276 _d59266 |
||